<?xml version="1.0" encoding="UTF-8"?>
<record
    xmlns:xsi="http://www.w3.org/2001/XMLSchema-instance"
    xsi:schemaLocation="http://www.loc.gov/MARC21/slim http://www.loc.gov/standards/marcxml/schema/MARC21slim.xsd"
    xmlns="http://www.loc.gov/MARC21/slim">

  <leader>03106nam a2200337Ia 4500</leader>
  <controlfield tag="001">114449</controlfield>
  <controlfield tag="003">DR-UNIBE</controlfield>
  <controlfield tag="005">20260312121847.0</controlfield>
  <controlfield tag="007">cr nn 008mamaa</controlfield>
  <controlfield tag="008">260312b2025    mx |||||s|||| 00| 0 spa d</controlfield>
  <datafield tag="020" ind1=" " ind2=" ">
    <subfield code="a">9786071524676</subfield>
  </datafield>
  <datafield tag="020" ind1=" " ind2=" ">
    <subfield code="a">9786071524461 (electr&#xF3;nico)</subfield>
  </datafield>
  <datafield tag="040" ind1=" " ind2=" ">
    <subfield code="a">BIBLIOTECA UNIBE</subfield>
    <subfield code="c">BIBLIOTECA UNIBE</subfield>
  </datafield>
  <datafield tag="041" ind1=" " ind2=" ">
    <subfield code="a">spa</subfield>
  </datafield>
  <datafield tag="100" ind1=" " ind2=" ">
    <subfield code="a">&#xC7;engel, Yunus A.</subfield>
    <subfield code="e">autor</subfield>
    <subfield code="9">16599</subfield>
  </datafield>
  <datafield tag="100" ind1=" " ind2=" ">
    <subfield code="a">Boles, Michael A.</subfield>
    <subfield code="e">autor</subfield>
    <subfield code="9">179391</subfield>
  </datafield>
  <datafield tag="100" ind1=" " ind2=" ">
    <subfield code="a">Kano&#x11F;lu, Mehmet</subfield>
    <subfield code="e">autor</subfield>
    <subfield code="9">181688</subfield>
  </datafield>
  <datafield tag="245" ind1=" " ind2=" ">
    <subfield code="a">Termodin&#xE1;mica</subfield>
  </datafield>
  <datafield tag="250" ind1=" " ind2=" ">
    <subfield code="a">D&#xE9;cima edici&#xF3;n</subfield>
  </datafield>
  <datafield tag="260" ind1=" " ind2=" ">
    <subfield code="a">M&#xE9;xico :</subfield>
    <subfield code="b">McGraw-Hill Interamericana,</subfield>
    <subfield code="c">2025</subfield>
  </datafield>
  <datafield tag="300" ind1=" " ind2=" ">
    <subfield code="a">xxi, 982 p&#xE1;ginas :</subfield>
    <subfield code="b">ilustraciones</subfield>
  </datafield>
  <datafield tag="500" ind1=" " ind2=" ">
    <subfield code="a">Recurso en l&#xED;nea:
Disponible para miembros de UNIBE a trav&#xE9;s del portal web del CRAI: https://www.unibe.edu.do/biblioteca/libros-electronicos/</subfield>
  </datafield>
  <datafield tag="505" ind1=" " ind2=" ">
    <subfield code="a">1. Introducci&#xF3;n y conceptos b&#xE1;sicos |
2. Energ&#xED;a, transferencia de energ&#xED;a y an&#xE1;lisis general de energ&#xED;a |
3. Propiedades de las sustancias puras |
4. An&#xE1;lisis de energ&#xED;a de sistemas cerrados |
5. An&#xE1;lisis de masa y energ&#xED;a de vol&#xFA;menes de control |
6. La segunda ley de la termodin&#xE1;mica |
7. Entrop&#xED;a |
8. Exerg&#xED;a |
9. Ciclos de potencia de gas |
10. Ciclos de potencia de vapor y combinados |
11. Ciclos de refrigeraci&#xF3;n |
12. Relaciones de propiedades termodin&#xE1;micas |
13. Mezcla de gases |
14. Mezclas de gas-vapor y acondicionamiento de aire |
15. Reacciones qu&#xED;micas |
16. Equilibrio qu&#xED;mico y de fase |
17. Flujo compresible |
</subfield>
  </datafield>
  <datafield tag="520" ind1=" " ind2=" ">
    <subfield code="a">Toda ciencia posee un vocabulario &#xFA;nico y la termodin&#xE1;mica no es la excepci&#xF3;n. La definici&#xF3;n precisa de conceptos b&#xE1;sicos constituye una base s&#xF3;lida para el desarrollo de una ciencia y evita posibles malas interpretaciones. Este cap&#xED;tulo inicia con un repaso de la termodin&#xE1;mica y los sistemas de unidades y contin&#xFA;a con la explicaci&#xF3;n de algunos conceptos b&#xE1;sicos, como sistema, estado, postulado de estado, equilibrio, proceso y ciclo. Se analizan las propiedades intensivas y extensivas de un sistema y se definen la densidad, la gravedad espec&#xED;fica y el peso espec&#xED;fico. Tambi&#xE9;n se analizan los t&#xE9;rminos temperatura y escalas de temperatura con especial &#xE9;nfasis en la escala internacional de temperatura de 1990. Posteriormente se presenta la presi&#xF3;n, definida como la fuerza normal que ejerce un fluido por unidad de &#xE1;rea, y se analizan las presiones absoluta y manom&#xE9;trica, la variaci&#xF3;n de la presi&#xF3;n con la profundidad y los instrumentos de medici&#xF3;n de presi&#xF3;n, como man&#xF3;metros y bar&#xF3;metros. El estudio cuidadoso de estos conceptos es esencial para lograr una buena comprensi&#xF3;n de los temas tratados en este libro. Por &#xFA;ltimo, se presenta una t&#xE9;cnica para resolver problemas, intuitiva y sistem&#xE1;tica, que se puede usar como modelo en la soluci&#xF3;n de problemas de ingenier&#xED;a.</subfield>
  </datafield>
  <datafield tag="650" ind1=" " ind2=" ">
    <subfield code="a">Termodin&#xE1;mica</subfield>
    <subfield code="9">181689</subfield>
  </datafield>
  <datafield tag="650" ind1=" " ind2=" ">
    <subfield code="a">M&#xE1;quinas t&#xE9;rmicas</subfield>
    <subfield code="9">103295</subfield>
  </datafield>
  <datafield tag="650" ind1=" " ind2=" ">
    <subfield code="a">Transferencia de carga</subfield>
    <subfield code="9">95416</subfield>
  </datafield>
  <datafield tag="655" ind1=" " ind2=" ">
    <subfield code="a">Recurso electr&#xF3;nico</subfield>
    <subfield code="9">42681</subfield>
  </datafield>
  <datafield tag="856" ind1=" " ind2=" ">
    <subfield code="u">https://ezproxy.unibe.edu.do:2069/?il=43664</subfield>
  </datafield>
  <datafield tag="942" ind1=" " ind2=" ">
    <subfield code="c">EB</subfield>
    <subfield code="2">ddc</subfield>
  </datafield>
  <datafield tag="999" ind1=" " ind2=" ">
    <subfield code="c">114449</subfield>
    <subfield code="d">114449</subfield>
  </datafield>
  <datafield tag="952" ind1=" " ind2=" ">
    <subfield code="0">0</subfield>
    <subfield code="1">0</subfield>
    <subfield code="2">ddc</subfield>
    <subfield code="7">0</subfield>
    <subfield code="8">eTEXT</subfield>
    <subfield code="a">Principal</subfield>
    <subfield code="d">2026-03-13</subfield>
    <subfield code="l">0</subfield>
    <subfield code="p">EB0527</subfield>
    <subfield code="r">2026-03-13 12:34:59</subfield>
    <subfield code="t">varias copias</subfield>
    <subfield code="w">2026-03-13</subfield>
    <subfield code="y">EB</subfield>
  </datafield>
</record>
